[Event "Krakow Olimpic op"]
[Site "Krakow"]
[Date "2019.10.05"]
[Round "2"]
[White "Sobieraj, Wiktoria"]
[Black "Nowak, Maciej1111"]
[Result "0-1"]
[WhiteElo "1215"]
[BlackElo "1560"]
[PlyCount "51"]
[EventDate "2019.10.04"]
[EventType "swiss"]
[EventRounds "5"]
[EventCountry "POL"]
[SourceTitle "EXT 2020"]
[Source "ChessBase"]
[SourceDate "2019.10.17"]
[SourceVersion "1"]
[SourceVersionDate "2019.10.17"]
[SourceQuality "1"]

1. e4 c6 2. d4 d5 3. Nc3 dxe4 4. Nxe4 Nd7 5. Nf3 Ngf6 6. Ng3 Nb6 7. Bd3 e6 8. Bf4 Nbd5 9. Bd2 Qb6 10. Rb1 c5 11. c3 cxd4 12. Nxd4 Bc5 13. Bg5 e5 14. Nf3 Bxf2+ 15. Kd2 Bxg3 16. hxg3 e4 17. Bxe4 Nxe4+ 18. Kc1 Nxg5 19. Qxd5 Qe3+ 20. Nd2 0-0 21. Kc2 Be6 22. Qa5 Rad8 23. Rhd1 Ne4 24. Nxe4 Qxe4+ 25. Kc1 Rxd1+ 26. Kxd1 0-1

[Event "Krakow Olimpic op"]
[Site "Krakow"]
[Date "2019.10.04"]
[Round "1"]
[White "Jasiak, Filip"]
[Black "Sobieraj, Wiktoria"]
[Result "1-0"]
[WhiteElo "1849"]
[BlackElo "1215"]
[PlyCount "73"]
[EventDate "2019.10.04"]
[EventType "swiss"]
[EventRounds "5"]
[EventCountry "POL"]
[SourceTitle "EXT 2020"]
[Source "ChessBase"]
[SourceDate "2019.10.17"]
[SourceVersion "1"]
[SourceVersionDate "2019.10.17"]
[SourceQuality "1"]

1. d4 f5 2. c4 Nf6 3. Qc2 g6 4. Nc3 Bg7 5. Nf3 d6 6. Bf4 0-0 7. g3 Nbd7 8. Bg2 Qe8 9. Nb5 Qd8 10. Ng5 Nb6 11. c5 Nbd5 12. Qc4 c6 13. cxd6 Kh8 14. Nc7 h6 15. Nge6 Bxe6 16. Nxe6 Qa5+ 17. Bd2 Qb6 18. Nxf8 Bxf8 19. dxe7 Bxe7 20. b3 Kg7 21. 0-0 Re8 22. Rfe1 Qc7 23. Rac1 Bd6 24. e3 Nb6 25. Ba5 Nxc4 26. Bxc7 Bxc7 27. bxc4 Ba5 28. Red1 Nd7 29. Rb1 Rb8 30. Bxc6 bxc6 31. Rxb8 Nxb8 32. Rb1 Na6 33. Rb7+ Nc7 34. Rxa7 Bb6 35. Rb7 Ba5 36. c5 Kf6 37. Ra7 1-0